<?xml version="1.0" encoding="UTF-8"?>
<collection xmlns:xsi="http://www.w3.org/2001/XMLSchema-instance" xsi:schemaLocation="http://www.loc.gov/MARC21/slim http://www.loc.gov/standards/marcxml/schema/MARC21slim.xsd" xmlns="http://www.loc.gov/MARC21/slim">
 <record>
  <leader>00000caa a22000003a 4500</leader>
  <controlfield tag="001">UP-8027390931312519906</controlfield>
  <controlfield tag="003">Buklod</controlfield>
  <controlfield tag="005">20200616105409.0</controlfield>
  <controlfield tag="006">o--- |     ||   ||</controlfield>
  <controlfield tag="007">ta</controlfield>
  <controlfield tag="008">200616s        xx     d     r    |||| u|</controlfield>
  <datafield tag="022" ind1=" " ind2=" ">
   <subfield code="a">0033-2909</subfield>
  </datafield>
  <datafield tag="035" ind1=" " ind2=" ">
   <subfield code="a">(iLib)UPCEB-00011920420</subfield>
  </datafield>
  <datafield tag="040" ind1=" " ind2=" ">
   <subfield code="a">Edz</subfield>
  </datafield>
  <datafield tag="100" ind1="1" ind2=" ">
   <subfield code="a">Chambers, John R.</subfield>
  </datafield>
  <datafield tag="245" ind1="0" ind2="4">
   <subfield code="a">Biases in Social Comparative Judgments</subfield>
   <subfield code="b">The Role of Nonmotivated Factors in Above-Average and Comparative -Optimism Effects.  (Articles ).</subfield>
  </datafield>
  <datafield tag="300" ind1=" " ind2=" ">
   <subfield code="a">pp. 813-838.</subfield>
  </datafield>
  <datafield tag="520" ind1=" " ind2=" ">
   <subfield code="a">Biases in social comparative judgments, such as those illustrated by above-average and comparative optimism effects, are often  as products of motivated reasoing (e,g., self-enhancement). These effects however, can also be produced by information-processing limitations or aspects of judgment processes that are not necessarily biasd by motivational factors. In this article, the authors briefly review motivational accounts of biased comparative judgments, introduce a 3-stage model for understanding how people make comparative judgments and then describe how various nonmotivational factors can influence the 3 stages of the comparative judgment process. Finally, the authors discuss several unresolved issues highlighted by their analysis, such as the interrelation between motivated and nonmotivated  sources of bias and the influence of nonmotivated sources of bias on behavior.  -- ( from the author)</subfield>
  </datafield>
  <datafield tag="773" ind1="0" ind2=" ">
   <subfield code="a">Psychological Bulletin.</subfield>
   <subfield code="g">vol. 130, 5 (2004).</subfield>
  </datafield>
  <datafield tag="942" ind1=" " ind2=" ">
   <subfield code="a">Analytics</subfield>
  </datafield>
 </record>
</collection>
